[Event "Rio Grande op 19th"]
[Site "Rio Grande"]
[Date "2019.07.09"]
[Round "7"]
[White "Fuentes Godoy, Lilia Ivonne"]
[Black "Zapata, Miguel Angel"]
[Result "1-0"]
[WhiteElo "2098"]
[BlackElo "1642"]
[PlyCount "45"]
[EventDate "2019.07.05"]
[EventType "swiss"]
[EventRounds "7"]
[EventCountry "ARG"]
[SourceTitle "EXT 2020"]
[Source "ChessBase"]
[SourceDate "2019.10.17"]
[SourceVersion "1"]
[SourceVersionDate "2019.10.17"]
[SourceQuality "1"]

1. d4 d5 2. c4 dxc4 3. e3 e6 4. Bxc4 Nf6 5. Nf3 c5 6. 0-0 a6 7. a4 Nc6 8. Qe2 Qc7 9. Bd2 Be7 10. Bc3 Ne4 11. Nbd2 Nxc3 12. bxc3 0-0 13. Bd3 Rd8 14. Ne4 cxd4 15. cxd4 e5 16. Rfc1 Bg4 17. d5 Rxd5 18. Bc4 Rdd8 19. Bxf7+ Kxf7 20. Nfg5+ Bxg5 21. Nxg5+ Kg8 22. Qc4+ Kh8 23. Nf7+ 1-0

[Event "Rio Grande op 19th"]
[Site "Rio Grande"]
[Date "2019.07.08"]
[Round "5"]
[White "Zapata, Miguel Angel"]
[Black "Ortiz, Andres"]
[Result "1-0"]
[WhiteElo "1642"]
[BlackElo "2021"]
[PlyCount "39"]
[EventDate "2019.07.05"]
[EventType "swiss"]
[EventRounds "7"]
[EventCountry "ARG"]
[SourceTitle "EXT 2020"]
[Source "ChessBase"]
[SourceDate "2019.10.17"]
[SourceVersion "1"]
[SourceVersionDate "2019.10.17"]
[SourceQuality "1"]

1. e4 c5 2. Nf3 Nc6 3. Bb5 Qc7 4. Nc3 e6 5. 0-0 d6 6. d4 cxd4 7. Nxd4 Nf6 8. Bg5 Be7 9. f4 Bd7 10. Bxc6 Bxc6 11. Nxc6 Qxc6 12. Qf3 Qc5+ 13. Kh1 0-0 14. f5 b5 15. a3 Rae8 16. Qg3 Kh8 17. Qh4 exf5 18. Rxf5 d5 19. Bxf6 gxf6 20. Rh5 1-0

[Event "Rio Grande op 19th"]
[Site "Rio Grande"]
[Date "2019.07.06"]
[Round "3"]
[White "Daneri, Martin"]
[Black "Zapata, Miguel Angel"]
[Result "0-1"]
[WhiteElo "2040"]
[BlackElo "1642"]
[PlyCount "58"]
[EventDate "2019.07.05"]
[EventType "swiss"]
[EventRounds "7"]
[EventCountry "ARG"]
[SourceTitle "EXT 2020"]
[Source "ChessBase"]
[SourceDate "2019.10.17"]
[SourceVersion "1"]
[SourceVersionDate "2019.10.17"]
[SourceQuality "1"]

1. d4 Nf6 2. Nf3 g6 3. c4 Bg7 4. Nc3 d6 5. h3 0-0 6. Bf4 Nbd7 7. e3 c5 8. d5 Qa5 9. Qd2 a6 10. g4 b5 11. cxb5 axb5 12. Bxb5 Ne4 13. Nxe4 Qxb5 14. Nc3 Qb4 15. 0-0 Ba6 16. Rfc1 Rfb8 17. b3 Nb6 18. e4 c4 19. Nd4 cxb3 20. Nc6 Bxc3 21. Rxc3 b2 22. Rb1 Qxe4 23. Rxb2 Nxd5 24. Rxb8+ Rxb8 25. Qxd5 Qe1+ 26. Kh2 Qxf2+ 27. Kh1 Qe1+ 28. Kg2 Rb2+ 29. Kf3 Qe2+ 0-1

[Event "Rio Grande op 19th"]
[Site "Rio Grande"]
[Date "2019.07.05"]
[Round "1"]
[White "Abarca Gonzalez, Nicolas"]
[Black "Zapata, Miguel Angel"]
[Result "1-0"]
[WhiteElo "2409"]
[BlackElo "1642"]
[PlyCount "73"]
[EventDate "2019.07.05"]
[EventType "swiss"]
[EventRounds "7"]
[EventCountry "ARG"]
[SourceTitle "EXT 2020"]
[Source "ChessBase"]
[SourceDate "2019.10.17"]
[SourceVersion "1"]
[SourceVersionDate "2019.10.17"]
[SourceQuality "1"]

1. e4 e6 2. d4 d5 3. exd5 exd5 4. c4 Nf6 5. Nc3 Be7 6. Nf3 Bg4 7. h3 Bxf3 8. Qxf3 Nc6 9. cxd5 Nxd4 10. Qd3 c5 11. Be3 Qa5 12. Bxd4 cxd4 13. Qxd4 0-0 14. 0-0-0 Rfd8 15. Kb1 Rac8 16. Bc4 a6 17. Bb3 b5 18. Rd3 Qb4 19. Qe5 Bd6 20. Qf5 Qf4 21. Qxf4 Bxf4 22. Ne2 Bd6 23. f3 Nh5 24. g4 Nf4 25. Nxf4 Bxf4 26. Re1 Kf8 27. a4 Bd6 28. Re4 Re8 29. Rxe8+ Kxe8 30. Bc2 h6 31. Rb3 b4 32. Re3+ Kf8 33. Bd3 a5 34. Bb5 g5 35. Bc6 Be7 36. Kc2 Rd8 37. Kd3 1-0

[Event "Medellin Antioquia Cup"]
[Site "Medellin"]
[Date "2016.10.13"]
[Round "3"]
[White "Soto, Miguel Angel"]
[Black "Zapata, Miguel Angel"]
[Result "1-0"]
[WhiteElo "2067"]
[BlackElo "1629"]
[PlyCount "37"]
[EventDate "2016.10.12"]
[EventType "swiss"]
[EventRounds "8"]
[EventCountry "COL"]
[SourceTitle "CBM 175 Extra"]
[Source "ChessBase"]
[SourceDate "2016.12.12"]
[SourceVersion "1"]
[SourceVersionDate "2016.12.12"]
[SourceQuality "1"]

1. e4 e5 2. Nf3 Nc6 3. Bb5 a6 4. Ba4 b5 5. Bb3 Nf6 6. d3 Bb7 7. 0-0 g6 8. Ng5 Qe7 9. Bxf7+ Kd8 10. Bb3 Nd4 11. Nf7+ Kc8 12. Nxh8 Nxb3 13. axb3 Qg7 14. Nxg6 Qxg6 15. Qf3 Bc6 16. Qf5 Qf7 17. Nc3 h5 18. Bg5 Be7 19. f4 1-0

[Event "Medellin Antioquia Cup"]
[Site "Medellin"]
[Date "2016.10.13"]
[Round "2"]
[White "Zapata, Miguel Angel"]
[Black "Mateus Urbano, Luis Alejandro"]
[Result "0-1"]
[WhiteElo "1629"]
[BlackElo "2227"]
[PlyCount "28"]
[EventDate "2016.10.12"]
[EventType "swiss"]
[EventRounds "8"]
[EventCountry "COL"]
[SourceTitle "CBM 175 Extra"]
[Source "ChessBase"]
[SourceDate "2016.12.12"]
[SourceVersion "1"]
[SourceVersionDate "2016.12.12"]
[SourceQuality "1"]

1. e4 c5 2. d3 Nc6 3. Nf3 g6 4. Be3 Bg7 5. c3 d6 6. Nbd2 e5 7. Nb3 Nge7 8. d4 cxd4 9. cxd4 exd4 10. Nbxd4 0-0 11. Bd3 Qa5+ 12. Bd2 Qb6 13. Bc3 Nxd4 14. Ng5 h6 0-1

[Event "Buenos Aires Bolivar op 4th"]
[Site "Buenos Aires"]
[Date "2011.06.23"]
[Round "9"]
[White "Toranzo, Sebastian"]
[Black "Zapata, Miguel Angel"]
[Result "1/2-1/2"]
[WhiteElo "1835"]
[BlackElo "1630"]
[PlyCount "37"]
[EventDate "2011.06.13"]
[EventType "swiss"]
[EventRounds "9"]
[EventCountry "ARG"]
[SourceTitle "EXT 2014"]
[Source "ChessBase"]
[SourceDate "2013.11.20"]
[SourceVersion "1"]
[SourceVersionDate "2013.11.20"]
[SourceQuality "1"]

1. e4 e6 2. d4 d5 3. Nd2 Nf6 4. e5 Nfd7 5. Bd3 c5 6. c3 Nc6 7. Ne2 cxd4 8. cxd4 f6 9. exf6 gxf6 10. 0-0 Bd6 11. Nf3 Qc7 12. Bg5 0-0 13. Bh4 e5 14. dxe5 Ndxe5 15. Nxe5 Bxe5 16. Rc1 Qd6 17. Bg3 Bd7 18. Bxe5 Qxe5 19. Qd2 1/2-1/2